000 01012nam a22002537a 4500
005 20240530110429.0
008 150329s2012 ua ao f b 000 0 ara d
017 _a2010/11238
_bمصر . دار الكتب المصرية
020 _a9789774555802
040 _aEG-CaGPL
082 0 4 _221
_a923.1595\
_bع ر
100 0 _aعطيات ابو العنين
245 1 0 _aرائد نهضة ماليزيا مهاتير محمد /
_cتاليف عطيات ابو العنين
250 _aط2
260 _aاالقاهرة :
_bدار الفاروق للاستثمارات الثقافية ،
_c2012.
300 _a288 ص :
_bصور ؛
_c19 سم.
490 _aمشاهير عبر التاريخ
504 _aيشتمل على ارجاعات ببليوجرافية
600 0 _aمهاتير محمد
651 0 4 _aماليزيا
_xتاريخ
651 0 4 _aماليزيا
_xالاحوال السياسية
_yعصر مهاتير محمد
942 _2ddc
_cBK
999 _c60804
_d60804